000 00736nam a2200205 4500
001 156381
003 ES-MaACL
005 20260201063016.0
008 950503s1872 fr abef |||| | fre d
040 _aEUS
_bspa
_cEUS
100 1 _aJoanne, Adolphe,
_d1823-1881
_966678
245 1 0 _aLyon et ses environs /
_cpar Adolphe Joanne.
250 _a2e éd. contenant un appendice sur l'exposition de 1872.
260 _aParis :
_bHachette et Cie.,
_c1872 (
_fLahure)
300 _aXLIII, 186, 80 p., [2] plan., [1] map.: lám. ;
_c14 cm.
490 1 _aCollection Joanne. Guides Diamant
830 0 _aCollection Joanne. Guides Diamant
_9188376
852 _aES-MaACL
_jC-298
_z-- Enc. ed. en tela
999 _c156381
_d156381